000 00475nam a2200169Ia 4500
003 GCL
008 140319s9999 xx 000 0 eng d
040 _aGCL /
_cGCL
082 0 4 _a621.4021
_bH E
100 1 _aM.ED, MARGARET GRANT
245 1 0 _aENGINEERING THERMODYNAMICS /
_cM.ED, MARGARET GRANT
260 _a[S.N] :
_bMacmillan Publishing Company ،
_c1993
300 _a376 P
650 0 4 _aالتحليل الرياضى
650 0 4 _aTHERMODYNAMICS
942 _2ddc
_cBK
999 _c17703
_d17703